000 00569nam a2200193Ia 4500
005 20260120131252.0
008 008 260114s9999 xx 000 0 eng d
020 _a9780191820939
037 _aEBOOK
040 _aCRL
_beng
_cCRL
041 _aeng
_2eng
084 _qCRL
100 _aJames
_9924960
245 0 _aGeorge Errington and Roman Catholic Identity in Nineteenth-Century England
260 _bOxford University PressOxford University Press
_c2016
856 _uhttps://academic.oup.com/book/7376
942 _cEBOOK
999 _c1516874
_d1516874